000 00493nam a22001697a 4500
005 20251108165016.0
008 250721s1943 xx 000 0 ara d
082 1 4 _a535/مصط
100 1 _aنظيف، مصطفى
245 1 0 _aالحسن بن الهيثم :
_bبحوثه و كشوفه البصرية /
264 1 _aالقاهره :
_bمطبعة الإعتماد،
_c1943.
300 _a879ص
650 1 7 _aالبصريات
650 1 7 _aالضوء
942 _2ddc
_cBK
999 _c19766
_d19766